[Event "ISR-ch"]
[Site "Jerusalem"]
[Date "1996.??.??"]
[Round "3"]
[White "Greenfeld, Alon"]
[Black "Kogan, Artur"]
[Result "1-0"]
[WhiteElo "2555"]
[BlackElo "2475"]
[Annotator "King,D"]
[PlyCount "63"]
[EventDate "1996.10.26"]
[EventType "swiss"]
[EventRounds "9"]
[EventCountry "ISR"]
[SourceTitle "CBM 056"]
[Source "ChessBase"]
[SourceDate "1997.02.01"]
[SourceVersion "1"]
[SourceVersionDate "1997.02.01"]
[SourceQuality "1"]

1. d4 {Baburin} Nf6 2. Nf3 b6 3. g3 Bb7 4. c4 Bxf3 5. exf3 d5 {Premature. The
White squares are creaking.} (5... e6) 6. Bg5 e6 7. cxd5 exd5 8. Qe2+ Qe7 9.
Bxf6 gxf6 10. Qe3 {A neat move, practically forcing Black to exchange on e3,
straightening out the f-pawns. The endgame might just about be tenable if it
weren't for the White square weaknesses around the b6 pawn, as well as the
doubled f-pawns.} Bh6 11. f4 {Baburin: While the white doubled pawns on the
open file make a compact pawn mass, the black ones are isolated. As a result
the f5-square might become a good outpost for White's pieces. Besides, in this
pawn formation the black bishop is very restricted in its mobility.} Qxe3+ 12.
fxe3 Nc6 13. Bb5 Kd7 14. Nc3 Kd6 15. Bd3 (15. Bxc6 Kxc6 16. Rc1 $5 $16) 15...
Ne7 16. e4 c6 17. Kf2 Bg7 18. exd5 Nxd5 19. Nxd5 Kxd5 (19... cxd5 20. Bf5 Rae8
21. Rac1 Re7 22. Rhe1 $16) 20. Bf5 h6 (20... Rae8 $142 {Baburin}) 21. Rac1 Kd6
22. Rc2 Rab8 23. Rhc1 c5 24. dxc5+ bxc5 25. Rd1+ Kc6 26. Rd7 Bf8 27. Rxf7 c4
28. Rxf6+ Kb5 29. Be6 Bc5+ 30. Kf3 Bd4 31. Bxc4+ Kc5 32. Bd3+ 1-0

[Event "Gibraltar Masters 10th"]
[Site "Caleta"]
[Date "2012.01.24"]
[Round "1"]
[White "Getz, Nicolai"]
[Black "Vachier Lagrave, Maxime"]
[Result "0-1"]
[WhiteElo "2408"]
[BlackElo "2699"]
[Annotator "Let's Check"]
[PlyCount "70"]
[EventDate "2012.01.24"]
[EventType "swiss"]
[EventRounds "10"]
[EventCountry "GGB"]
[SourceTitle "CBM 147"]
[Source "ChessBase"]
[SourceDate "2012.03.16"]
[SourceVersion "1"]
[SourceVersionDate "2012.03.16"]
[SourceQuality "1"]

1. Nf3 Nf6 2. c4 b6 3. g3 Bb7 4. Bg2 g6 5. O-O Bg7 6. d4 O-O 7. Nc3 Ne4 8. Nxe4
Bxe4 9. Be3 e6 10. Nd2 Bxg2 11. Kxg2 d6 12. Nf3 Nd7 13. Qd2 Qe7 14. Bh6 Bxh6
15. Qxh6 e5 16. Qd2 Rae8 17. e3 e4 18. Ng1 f5 19. h4 h6 20. Qe2 Qg7 21. Nh3 Nf6
22. Nf4 g5 23. hxg5 hxg5 24. Nh5 Qg6 25. Nxf6+ Rxf6 26. Rh1 f4 27. Qg4 fxe3 28.
fxe3 Ref8 29. Raf1 Rf3 30. Qd7 g4 31. d5 b5 32. b3 bxc4 33. bxc4 $2 (33. Rc1
Qf5 34. Qxf5 $11) 33... Rb8 $19 34. Rh4 Rb2+ 35. Kg1 Rxf1+ 0-1

[Event "Corus"]
[Site "Wijk aan Zee"]
[Date "2000.01.18"]
[Round "3"]
[White "Timman, Jan H"]
[Black "Piket, Jeroen"]
[Result "0-1"]
[WhiteElo "2655"]
[BlackElo "2633"]
[Annotator "Meulders,R"]
[PlyCount "56"]
[EventDate "2000.01.15"]
[EventType "tourn"]
[EventRounds "13"]
[EventCountry "NED"]
[EventCategory "18"]
[SourceTitle "CBM 075"]
[Source "ChessBase"]
[SourceDate "2000.04.05"]
[SourceVersion "1"]
[SourceVersionDate "2000.04.05"]
[SourceQuality "1"]

1. d4 Nf6 2. c4 c6 3. Bf4 {Richtet sich gegen einen Slawischen Aufbau mit ...
d5, aber Schwarz wählt jetzt eine Königsindische Aufstellung und dann bringt
die frühe Laüferentwicklung nichts ein.} d6 $1 4. Nc3 g6 5. Nf3 Bg4 6. Qd3 Bg7
7. O-O-O {Weiss hat sich originell aber auch provokativ entwickelt; Schwarz
hat keine Probleme.} Na6 8. h3 Bxf3 9. Qxf3 Nd7 $1 {[%cal Re7e5]} 10. h4 Qa5 {
Weil Schwarz noch nicht kurz rochiert hat, hat er keine Angst vor der Öffnung
der h-Linie.} 11. h5 O-O-O 12. h6 $6 (12. Kb1) 12... Bf6 13. g3 {[%cal Rf1h3,
Rh3d7] Ein Versuch etwas Angriff gegen den schwarzen König zu bekommen. Der
Textzug vernachlässigt aber die Deckung von Pc4 und obendrein ist Schwarz
schneller am Ball.} e5 14. Be3 exd4 15. Bxd4 Bxd4 16. Rxd4 f5 $1 (16... Ne5 17.
Qf6 $16) 17. Bg2 $2 {Ein nutzloser Zug; der Läufer war nötig für die
Verteidigung von Bc4.} (17. Rxd6 Ne5 {[%cal Re5c4,Re5f3]} 18. Rxd8+ Rxd8 19.
Qf4 Nc5 $1 20. Kb1 (20. Qxe5 $4 Nd3+ $19) 20... Ne6 21. Qe3 Rd6 22. b3 Ng4 $17
{mit starker Initiative.}) (17. e3 $1 Ne5 18. Qd1 Ng4 (18... Nc5 19. Kb1 Qb4
20. Be2 Rhe8 $11) 19. Qd2 Rhe8 20. Bg2 {mit etwa gleichen Chancen.}) 17... Ne5
18. Qf4 Nc5 {[%cal Rc5e6]} 19. Qh4 Ne6 20. Rdd1 Qb4 {Es kommt nicht nur
Bauerngewinn mit Nxc4, aber auch Mattangriff auf b2; die weisse Lage ist mehr
als kritisch.} 21. Kc2 g5 22. Qh3 Nxc4 23. b3 g4 24. Qh4 Na3+ 25. Kb2 Nd4 $1 {
Oje!} 26. Rd3 Nc4+ 27. Ka1 Nxb3+ $1 28. axb3 Qa3+ {Diese Niederlage gegen
Piket war für Timman nicht so schlimm als im Donner Memorial 1996 (17 Z.),
aber sie ist natürlich schlimm genug.} 0-1

[Event "Qatar Masters op"]
[Site "Doha"]
[Date "2014.11.28"]
[Round "3"]
[White "Mamedyarov, Shakhriyar"]
[Black "Anton Guijarro, David"]
[Result "1-0"]
[WhiteElo "2757"]
[BlackElo "2607"]
[Annotator "Meulders,R"]
[PlyCount "113"]
[EventDate "2014.11.26"]
[EventType "swiss"]
[EventRounds "9"]
[EventCountry "QAT"]
[SourceTitle "CBM 164"]
[Source "ChessBase"]
[SourceDate "2015.01.15"]
[SourceVersion "1"]
[SourceVersionDate "2015.01.15"]
[SourceQuality "1"]
[WhiteClock "1:30:30"]
[BlackClock "1:30:30"]

1. d4 Nf6 2. c4 b6 3. Nc3 Bb7 4. Qc2 d5 5. Bg5 dxc4 6. Rd1 $146 h6 7. Bxf6 exf6
8. e4 b5 $5 {It seems crazy to spoil one's queenside pawn structure like that,
but 8...Bb4 is unclear and a quiet move doesn't give Black equality:} (8... Bb4
$6 9. Qa4+ Nc6 10. d5 Qe7 11. Be2 (11. dxc6 Qxe4+ 12. Nge2 Bxc3+ 13. bxc3 Bxc6
14. Qa3 Rd8 $11)) (8... Be7 9. Bxc4 O-O 10. Nf3 f5 11. O-O fxe4 12. Nxe4 Nc6
13. a3 Qd7 14. Rfe1 Rae8 15. d5 Nb8 16. Re3 $14) 9. Nxb5 Bb4+ {Now this is
played with check and Qa4+ is therefore impossible.} 10. Nc3 O-O 11. d5 f5 $1
12. Bxc4 fxe4 13. a3 Bxc3+ 14. Qxc3 Nd7 15. Ne2 Nb6 16. O-O Qd6 (16... Qg5 {
may lead to great complications:} 17. Qd4 Rad8 18. Nc3 Rfe8 19. Rfe1 c5 $5 20.
Qxc5 Rc8 21. Qb5 Nxc4 22. Qxb7 e3 23. Re2 Rb8 24. Qxa7 Rxb2 25. Rxb2 Nxb2 26.
Re1 e2 27. Qd7 Re5 28. h4 Qd2 29. Qc8+ Kh7 30. Rxe2 Rxe2 31. Qf5+ Kg8 32. Nxe2
(32. Qc8+ $11) 32... Qe1+ 33. Kh2 Qxe2 34. d6 Qc4 35. g3 Nd3 36. d7 Qd4 37. Qb5
Qxf2+ 38. Kh3 Qf1+ 39. Kh2 Qe2+ $11) 17. Rfe1 f5 (17... Rad8 18. Rd4 f5 19.
Red1 Rf7 20. b4 Nxc4 21. Qxc4 Rfd7 22. g3 $11) 18. Bb3 Bxd5 19. Nd4 Qf6 20.
Bxd5+ Nxd5 21. Qc4 Qf7 $2 (21... Rad8 {should lead to an equal position. Now
White knocks the support from the advanced pawn on e4.} 22. Nc6 Rd6 23. Nxa7
Qf7 24. Nb5 Rd7 25. Nc3 Nf4 26. Qxf7+ Rfxf7 $11) 22. Nxf5 $14 Qxf5 23. Qxd5+
Qxd5 24. Rxd5 $16 {The shattered black queenside pawns are a serious
disadvantage. Though rook endings are supposed to end in a draw, this is
theory rather than practice, especially with the white rooks being more active.
} Rad8 25. Red1 Rb8 26. b4 Rb6 27. Rc1 Rf7 28. h3 Kh7 29. Ra5 $16 a6 30. Re5 {
Winning a pawn and the game, quite comfortably.} Rd6 31. Rxe4 Rd2 32. f3 Ra2
33. Rc3 Rd7 34. Rg4 Rd1+ 35. Kh2 Rd7 36. h4 Re7 37. Kh3 Rd7 38. h5 c6 39. Rgc4
Rd6 40. Rc5 $1 {Since the black rooks are tied to the defence of the weak
pawns, White can quietly strengthen his position before making the decisive
strike.} Rd1 41. g3 Rd6 $18 42. Ra5 Rd4 43. f4 Rd5 44. Rxd5 cxd5 45. Kg4 Re2
46. Rd3 a5 47. Rxd5 axb4 48. axb4 Rb2 49. Rb5 Rb3 50. Rb8 Rc3 51. b5 Rb3 52. b6
Rc3 53. Rd8 Rb3 54. Rd6 Rb5 55. Rc6 Kg8 56. Kf3 Rb4 57. Ke3 {and Black
resigned. It was high time.} 1-0

[Event "RUS-ch Higher League 69th"]
[Site "Kolomna"]
[Date "2016.06.29"]
[Round "7"]
[White "Kozionov, Kirill"]
[Black "Popov, Ivan1"]
[Result "1/2-1/2"]
[WhiteElo "2440"]
[BlackElo "2648"]
[Annotator "Meulders,R"]
[PlyCount "69"]
[EventDate "2016.06.22"]
[EventType "swiss"]
[EventRounds "9"]
[EventCountry "RUS"]
[SourceTitle "CBM 174"]
[Source "ChessBase"]
[SourceDate "2016.09.13"]
[SourceVersion "1"]
[SourceVersionDate "2016.09.13"]
[SourceQuality "1"]

1. Nf3 g6 2. d4 Bg7 3. g3 b6 4. Bg2 Bb7 5. O-O Nf6 6. c4 O-O 7. Nc3 Ne4 8. Nxe4
Bxe4 9. Be3 d6 (9... d5 10. Rc1 Nc6 11. Qd2 dxc4 12. Rxc4 Na5 13. Rcc1 Rc8 14.
b4 Nb7 $14 {since the knight is badly placed.} 15. Rfd1 $6 (15. Bh6 $5 e6 16.
Bxg7 Kxg7 17. Qf4 Nd6 18. Ne5 Bxg2 19. Kxg2 a6 20. Nc6 Qd7 $14) 15... e6 16.
Bf1 $6 {Too slow to fight for the initiative. The idea is to avoid the
exchange of the white-squared bishop, but to what end?} a5 17. a3 axb4 18. axb4
Nd6 19. Bg5 f6 20. Bh6 Bxh6 21. Qxh6 Nf5 22. Qf4 Bb7 $11 {1-0 (71) Bu,X (2675)
-Vachier Lagrave,M (2722) Khanty-Mansiysk 2011}) 10. Qd2 c5 11. Bh6 Nd7 12.
Bxg7 (12. Rfd1 Nf6 13. Rac1 Qc8 (13... Qc7 14. b3 cxd4 15. Nxd4 Bxg2 16. Kxg2
Qb7+ 17. f3 Rfc8 18. e4 a6 19. a4 Rc5 20. Bxg7 Kxg7 $11 {1/2-1/2 (37) Radjabov,
T (2788)-Kramnik,V (2797) Istanbul 2012; , this is a hedgehog Maroczy bind
with equal chances.}) 14. Bxg7 Kxg7 15. b3 Qa6 16. Qb2 Qb7 17. Ne1 Bxg2 18.
Nxg2 Rac8 $11 {1/2-1/2 (26) Erdos,V (2661)-Harikrishna,P (2709) Germany 2013})
12... Kxg7 13. Ne1 (13. Rfd1 Nf6 14. b3 Qc8 15. a4 Qb7 16. d5 a6 17. Qc3 b5 18.
Nd2 Bxg2 19. Kxg2 Kg8 20. e4 Nd7 (20... bxc4 21. bxc4 Qb4 22. Qd3 Qa5 $11) 21.
h4 (21. f4 Rfb8 22. Ra2 bxc4 23. bxc4 Qb4 24. Qe3 $13) 21... Rfb8 22. Rdb1 Rf8
$2 (22... bxc4 23. bxc4 Qc8) 23. h5 e6 $2 (23... b4 24. Qe3 Nf6 25. Rh1 Qd7 26.
f3 e5 27. g4 $14) 24. axb5 axb5 25. Rxa8 Qxa8 26. hxg6 $18 fxg6 27. Ra1 $2 (27.
dxe6 b4 28. Qd3 Nf6 29. e7 Re8 30. Qxd6 Kf7 31. f3 $18) 27... Qe8 $16 {1-0 (56)
Istratescu,A (2651)-Edouard,R (2680) Nancy 2013}) 13... Bxg2 14. Nxg2 Nf6 15.
Ne3 e5 16. dxe5 dxe5 17. Rad1 {White is clearly aiming for a draw. Somewhat
more ambitious but not necessarily leading to an advantage is to avoid the
exchange of queens.} (17. Qc2 Qe7 18. Rad1 Rad8 19. Nd5 Nxd5 20. Rxd5 Rxd5 21.
cxd5 e4 22. Rd1 Rd8 23. Qd2 Rd6 24. b4 Qe5 25. bxc5 bxc5 $11 {White has a
passed d-pawn, Black a passed c-pawn.}) 17... Qxd2 18. Rxd2 Rfd8 19. Rxd8 ({Or
} 19. Rfd1 Rd4 20. f3 Rad8 21. Nf1 Ne8 22. e3 Rxd2 23. Rxd2 Rd6 24. Kf2 $11)
19... Rxd8 20. Rd1 $11 Rd4 21. f3 h5 22. Kf2 Kf8 23. Ke1 Ke7 24. b3 Ke6 25. Nc2
Rxd1+ 26. Kxd1 Ne8 27. Kd2 f5 28. e4 Nf6 29. Kd3 fxe4+ 30. fxe4 Ng4 31. h4 Nf2+
32. Ke3 Ng4+ 33. Kd3 Nf2+ 34. Ke3 Ng4+ 35. Kd3 1/2-1/2

[Event "EU-ch 16th"]
[Site "Jerusalem"]
[Date "2015.03.08"]
[Round "11"]
[White "Stefansson, Hannes"]
[Black "Grachev, Boris V"]
[Result "0-1"]
[WhiteElo "2573"]
[BlackElo "2670"]
[Annotator "Meulders,R"]
[PlyCount "62"]
[EventDate "2015.02.24"]
[EventType "swiss"]
[EventRounds "11"]
[EventCountry "ISR"]
[SourceTitle "CBM 166"]
[Source "ChessBase"]
[SourceDate "2015.05.11"]
[SourceVersion "1"]
[SourceVersionDate "2015.05.11"]
[SourceQuality "1"]

1. d4 Nf6 2. c4 b6 3. Nc3 Bb7 4. Qc2 d5 5. cxd5 Nxd5 6. e4 Nxc3 7. bxc3 e5 $1
8. dxe5 $6 {I would have tried to keep the pawn chain intact:} (8. d5 c6 9. c4
Bb4+ 10. Bd2 Bxd2+ 11. Qxd2 O-O 12. Nf3 Nd7 13. Rd1 Nc5 14. Qe3 Qd6 15. Be2 f5
16. exf5 Rxf5 17. O-O cxd5 18. cxd5 e4 (18... Rd8 19. Rd2 Bxd5 $4 20. Rfd1 e4
21. Bc4 $18) 19. Nd4 Re5 20. Bc4 Ba6 21. Bxa6 Nxa6 22. Qg3 Rxd5 23. Qb3 Nc5 24.
Qc4 Kh8 25. Nf5 Rxd1 26. Nxd6 Rxd6 $11) 8... Qe7 9. Nf3 Nd7 10. Bb5 O-O-O 11.
O-O Nxe5 12. Nd4 a6 13. Nf5 Qf6 14. Be2 Bc5 15. Be3 Bxe3 16. Nxe3 Qc6 17. Nd5 {
With the 'subtle' threat to win the queen...} Qc5 {As a result of White's 8th
move he is saddled with a weakling on c3, which will prove a constant source
of worry. White probably thinks he is attacking here, but Black can easily
parry the little threat there is and bide his time to take advantage of
White's weakened pawn structure.} 18. Qa4 $6 (18. c4 $1 {cements the knight on
d5 and aims at reconnecting the pawns.} Bxd5 19. exd5 Rxd5 (19... Kb8 20. Rac1
g6 21. a4 Rhe8 22. a5 {and White has active counterplay.}) 20. Qe4 Rdd8 21.
Qa8+ Kd7 22. Rad1+ Ke7 23. Qxa6 Ra8 24. Qb7 Rhd8 (24... Rxa2 $4 25. Rd5 $18)
25. Qe4 Rxd1 26. Rxd1 $14) 18... c6 19. Ne3 a5 {Black has quietly and simply
consolidated his position. White has to cope both with the defence of the
c3-pawn and the impending invasion by ...Rd2, so the queen has to retreat.} 20.
Qc2 Rd7 21. Rab1 $6 {I don't understand why Stefansson ignores the doubling of
the black rooks on the d-file. Maybe he was still thinking he's attacking, but
he's not.} (21. Rfd1 $1 Rhd8 22. Rxd7 Rxd7 23. a4 $11) 21... Rhd8 22. Qb3 (22.
Rb2 Rd2 23. Qb1 Rxb2 24. Qxb2 g6 25. Rb1 Kc7 26. Nc4 Nxc4 27. Bxc4 Rd7 28. Bf1
Bc8 29. h3 Rd8 30. a3 h5 $15) (22. Rfd1 $1 {was not only still a sensible move
to play, but also the best possibility to stay in the game. From now on it
goes from bad to worse for White.}) 22... Rd2 23. Nc4 {Tactics, but Black just
plays simply.} (23. Rfd1 Kc7 24. Kf1 Rxd1+ 25. Rxd1 Rxd1+ 26. Nxd1 Bc8 27. Ne3
$15) 23... Nxc4 (23... Rxe2 24. Nxb6+ Kb8 25. Na4 Qa7 26. Nc5 Kc8 27. Qxb7+
Qxb7 28. Nxb7 $11) 24. Bxc4 Kc7 25. a4 (25. Bxf7 $4 Ba6 $19) 25... f6 {Black
holds White in a vice-like grip: Rf1 can't move because of the attack on f2
and Rbd1 is impossible, because Bc4 is hanging. The queen is tied to the
defence of Bc4 and that bishop can't move because of ...Ba6.} 26. Rbe1 {
Painfully, this rook is the only piece White can move.} Bc8 $1 27. Re3 $6 (27.
h3 $1 {stopping Bg4 was the last possibility to fight. It would force Black to
put his cards on the table or White will regroup.} g5 28. Re3 g4 29. Be2 gxh3
30. Qf7+ R8d7 31. Qxf6 Rxe2 32. Qf4+ Qd6 33. Qxd6+ Rxd6 34. Rxe2 Ba6 35. Rfe1
Bxe2 36. Rxe2 Rd3 {is a bit better for Black but rook endings are rook endings,
with many possibilities to draw and certainly much better chances than in the
game.}) 27... Bg4 $1 {This is extremely unpleasant and very likely the winning
move. The simple threat is Bd1 and White must resign.} 28. Ba6 (28. Ree1 Bd1
29. Rxd1 Rxd1 30. Rxd1 Qxc4 $1 31. Qxc4 Rxd1+ 32. Qf1 Rxf1+ 33. Kxf1 b5 $1 $19
{with a winning pawn endgame.}) 28... Rxf2 $1 29. Qf7+ {The alternative is
also losing} (29. Kxf2 Rd2+ 30. Kg1 Qxe3+ 31. Kh1 Qxe4 32. Qf7+ Bd7 33. Qxg7
Qg6 34. Qxg6 hxg6 35. Rxf6 b5 36. h4 bxa4 37. Bc4 a3 38. Rxg6 a2 39. Bxa2 Rxa2
40. h5 Ra4 41. g3 Rg4 $19) 29... Rd7 30. Qxd7+ $8 Bxd7 31. Kxf2 b5 {Winning
the bishop.} (31... b5 32. Rd1 Qb6 33. e5 fxe5 34. h3 e4 35. Rd4 Qxa6 36. Rdxe4
Qb6 $19) 0-1